00602nam a2200157 i 4500001000700000003000900007005001700016008004100033100004300074245011900117260006000236300005200296650004900348852002100397852002600418166773ES-MaACL20230906213411.0050921s1903 sp ao |||| | spa d1 aUlecia y Cardona, Rafael (d1850-1912)14aLos consultorios de niños de pecho ("gotas de leche") : bimpresiones de viajes / cpor Rafael Ulecia y Cardona. aMadrid : bImp. y Librería de Nicolás Moya, c1903. aVIII, 131 p., [3] h. de fot. : bil. ; c22 cm. 4aLactantes-xAsistencia sanitaria-zEspaña.4 aES-MaACLjD-11664 aES-MaACLjT-1045-F-14